000 00634nam a2200229 a 4500
001 52715
003 BD-RJUL
005 20211209075841.0
008 160926s1955 enk 000 0 eng
035 _aBD-RJUL 52835
040 _aDLC
_cEIB
_dUKM
_dEQO
_beng
041 _aeng
082 0 4 _a526.8
_218
_bSIT 1955
100 1 _aSilley, P. T.
_9157654
245 1 0 _aTopographical maps and photographic interpretation /
_cP. T. Silley
260 _aLondon :
_bG. Philip,
_c1955.
300 _avii, 59 p. :
_bill. ;
_c25 cm.
504 _aBibliography : p. 57.
650 0 _aMaps.
_9157655
942 _2ddc
_cBK
999 _c52715
_d52715